00366nam a2200121Ia 450000500170000000800410001704000200005808200130007810000400009124500580013126000320018930000230022120200213115420.0190125s9999 xx 000 0 und d cMUHAMMAD SOHAIL a891.4393 aNaseem Hijazi - نسیم حجازی aMuhammad bin Qasim ....محمد بن قاسم - h  bJhangir BooksaLahorec2007 a399,p. :c21cmeHB